| 000 | 01178nam a2200301Ia 4500 | ||
|---|---|---|---|
| 001 | ebr10063554 | ||
| 003 | CaPaEBR | ||
| 006 | m u | ||
| 007 | cr cn||||||||| | ||
| 008 | 041018s2002 enka gs 001 0 eng d | ||
| 020 | _z1898326800 | ||
| 040 |
_aCaPaEBR _cCaPaEBR |
||
| 035 | _a(OCoLC)70732144 | ||
| 050 | 1 | 4 |
_aQA76.754 _b.A98 2002eb |
| 245 | 0 | 0 |
_aAuthoring scientific and technical documents with Microsoft Word 2000 _h[electronic resource] / _c[Igor Podlubny and Katarina Kassayova]. |
| 260 |
_aCambridge : _bCambridge International Science Pub., _cc2002. |
||
| 300 |
_axvii, 160 p. : _bill. |
||
| 500 | _aIncludes index. | ||
| 533 |
_aElectronic reproduction. _bPalo Alto, Calif. : _cebrary, _d2009. _nAvailable via World Wide Web. _nAccess may be limited to ebrary affiliated libraries. |
||
| 630 | 0 | 0 | _aMicrosoft Word. |
| 650 | 0 | _aComputer software. | |
| 650 | 0 | _aComputer systems. | |
| 655 | 7 |
_aElectronic books. _2local |
|
| 700 | 1 | _aPodlubny, Igor. | |
| 700 | 1 | _aKassayova, Katarina. | |
| 710 | 2 | _aebrary, Inc. | |
| 856 | 4 | 0 |
_uhttp://site.ebrary.com/lib/rucke/Doc?id=10063554 _zAn electronic book accessible through the World Wide Web; click to view |
| 999 |
_c47291 _d47291 |
||